| Tag |
First Indicator |
Second Indicator |
Subfields |
| LEADER |
00000cam a2200000I 4500 |
| 001 |
in00000047634 |
| 005 |
20151007073434.0 |
| 008 |
800610s1954 ne a 000 0 eng d |
| 015 |
|
|
|a GB53-3774
|
| 029 |
1 |
|
|a UKM
|b b5303774
|
| 035 |
|
|
|a (OCoLC)ocm06401768
|
| 035 |
|
|
|a (OCoLC)06401768
|
| 035 |
|
|
|9 AAE9720AM
|
| 040 |
|
|
|a TXA
|c TXA
|d UKM
|d UtOrBLW
|
| 049 |
|
|
|a TXAM
|c [378913]
|
| 050 |
|
4 |
|a TT154
|b .B7 1954
|
| 092 |
|
|
|a 621.384196
|b B892r2
|
| 100 |
1 |
|
|a Bruinsma, A. H.
|
| 245 |
1 |
0 |
|a Remote control by radio ;
|b an amplitude-modulation and an impulse-modulation system.
|
| 264 |
|
1 |
|a [Eindhoven],
|b [publisher not identified] ;
|c [1954]
|
| 300 |
|
|
|a viii, 96 pages :
|b illustrations ;
|c 21 cm.
|
| 336 |
|
|
|a text
|b txt
|2 rdacontent
|
| 337 |
|
|
|a unmediated
|b n
|2 rdamedia
|
| 338 |
|
|
|a volume
|b nc
|2 rdacarrier
|
| 490 |
0 |
|
|a Philips' technical library, c: Miscellaneous subjects. f
|
| 490 |
0 |
|
|a Philips' technical library. Popular series
|
| 500 |
|
|
|a "Second improved edition."
|
| 650 |
|
0 |
|a Models and modelmaking
|x Radio control systems.
|
| 994 |
|
|
|a E0
|b TXA
|
| 999 |
|
|
|a MARS
|
| 999 |
f |
f |
|s ce9d0f05-f41a-32d4-91e4-df366e54722b
|i 2e491878-c33f-34e2-97d0-1241c18757b8
|t 0
|
| 952 |
f |
f |
|p ric
|a Texas A&M University
|b Rellis Campus
|c Joint Library Facility
|d Remote Storage
|t 0
|e TT154 .B7 1954
|h Library of Congress classification
|i unmediated -- volume
|m A14801039122
|
| 998 |
f |
f |
|a TT154 .B7 1954
|t 0
|l Remote Storage
|